| 000 | 06924cam a22020294i 4500 | ||
|---|---|---|---|
| 003 | PE-LiUPU | ||
| 005 | 20250813165423.0 | ||
| 008 | 150706s2008 mx a rb 000 0 spa d | ||
| 020 | _a9789681819538 | ||
| 035 | _a(Sirsi) i9789681819538 | ||
| 040 |
_aPE-LiUPU _bspa _cPE-LiUPU _erda |
||
| 049 | _aPRUA | ||
| 082 | 0 | 4 |
_a664.0741 _bCh232008 _221 |
| 082 | 0 | 4 |
_a664.02 _bCh525 2009 |
| 082 | 0 | 4 |
_a664.02 _bCh525 2016 _221 |
| 100 | 1 |
_aCharley, Helen, _eautor. |
|
| 245 | 1 | 0 |
_aTecnología de alimentos : _bprocesos químicos y físicos en la preparación de alimentos / _cHelen Charley. |
| 264 | 1 |
_aMéxico : _bLimusa, _c2008. |
|
| 300 |
_a767 páginas : _bilustraciones ; _c23 centímetros. |
||
| 336 |
_atext _2rdacontent |
||
| 337 |
_aunmediated _2rdamedia |
||
| 338 |
_avolume _2rdacarrier |
||
| 504 | _aBibliografía al final de cada capítulo. | ||
| 505 | 0 | _aEvaluación de los alimentos -- Medidas y peso -- Calentamiento y enfriamiento de alimentos -- Agua -- Cristales de hielo y postres congelados -- Azúcares, cristales de azúcar y confites -- Bebidas -- Almidones y gomas vegetales -- Cereales -- Harina -- Agentes leudantes -- Panes rápidos -- Pan de levadura -- Grasas y aceites -- Pasta hojaldrada -- Emulsiones -- Leche -- Queso -- Huevos -- Pasteles ángel y esponja -- Pasteles a base de grasa -- Carne -- Aves -- Pescado -- Gelatina -- Leguminosas -- Frutas -- Verduras -- Geles de pectina de fruta(jaleas). | |
| 526 | _aP203 | ||
| 526 | _aP200 | ||
| 526 | _aSEG65 | ||
| 526 | _aSEG64 | ||
| 526 | _aSEG63 | ||
| 526 | _aSEG62 | ||
| 526 | _aSEG61 | ||
| 526 | _aSEG60 | ||
| 526 | _aSEG59 | ||
| 526 | _aSEG58 | ||
| 526 | _aSEG57 | ||
| 526 | _aSEG56 | ||
| 526 | _aSEG55 | ||
| 526 | _aSEG54 | ||
| 526 | _aSEG53 | ||
| 526 | _aSEG52 | ||
| 526 | _aSEG51 | ||
| 526 | _aSEG50 | ||
| 526 | _aSEG49 | ||
| 526 | _aSEG48 | ||
| 526 | _aSEG47 | ||
| 526 | _aSEG46 | ||
| 526 | _aSEG24 | ||
| 526 | _aSEG23 | ||
| 526 | _aSEG22 | ||
| 526 | _aSEG21 | ||
| 526 | _aSEG20 | ||
| 526 | _aSEG19 | ||
| 526 | _aSEG18 | ||
| 526 | _aSEG17 | ||
| 526 | _aSEG16 | ||
| 526 | _aSEG14 | ||
| 526 | _aSEG13 | ||
| 526 | _aSEG12 | ||
| 526 | _aSEG11 | ||
| 526 | _aSEG10 | ||
| 526 | _aSEG09 | ||
| 526 | _aSEG06 | ||
| 526 | _aSEG05 | ||
| 526 | _aSEG04 | ||
| 526 | _aSEG03 | ||
| 526 | _aSEG02 | ||
| 526 | _aSEG68 | ||
| 526 | _aSEG66 | ||
| 526 | _aSEG45 | ||
| 526 | _aSEG25 | ||
| 526 | _aSEG01 | ||
| 526 | _aP163 | ||
| 526 | _aP162 | ||
| 526 | _aP161 | ||
| 526 | _aP160 | ||
| 526 | _aP159 | ||
| 526 | _aP158 | ||
| 526 | _aP157 | ||
| 526 | _aP156 | ||
| 526 | _aP155 | ||
| 526 | _aP154 | ||
| 526 | _aP153 | ||
| 526 | _aP152 | ||
| 526 | _aP151 | ||
| 526 | _aP150 | ||
| 526 | _aP149 | ||
| 526 | _aP142 | ||
| 526 | _aP141 | ||
| 526 | _aP140 | ||
| 526 | _aP139 | ||
| 526 | _aP138 | ||
| 526 | _aP137 | ||
| 526 | _aP132 | ||
| 526 | _aP131 | ||
| 526 | _aP130 | ||
| 526 | _aP126 | ||
| 526 | _aP125 | ||
| 526 | _aP124 | ||
| 526 | _aP123 | ||
| 526 | _aP115 | ||
| 526 | _aP122 | ||
| 526 | _aP121 | ||
| 526 | _aP116 | ||
| 526 | _a P114 | ||
| 526 | _aP112 | ||
| 526 | _aP111 | ||
| 526 | _aP104 | ||
| 526 | _aP103 | ||
| 526 | _aP102 | ||
| 526 | _aP101 | ||
| 526 | _aP100 | ||
| 526 | _aP96 | ||
| 526 | _aP95 | ||
| 526 | _aP93 | ||
| 526 | _aP92 | ||
| 526 | _aP91 | ||
| 526 | _aP88 | ||
| 526 | _aP83 | ||
| 526 | _aP82 | ||
| 526 | _aP79 | ||
| 526 | _aP78 | ||
| 526 | _aP75 | ||
| 526 | _aP74 | ||
| 526 | _aP71 | ||
| 526 | _aP69 | ||
| 526 | _a P51 | ||
| 526 | _aP49 | ||
| 526 | _aP48 | ||
| 526 | _aP47 | ||
| 526 | _aP33 | ||
| 526 | _aP31 | ||
| 526 | _a P30 | ||
| 526 | _aP29 | ||
| 526 | _aP27 | ||
| 526 | _aP26 | ||
| 526 | _aP25 | ||
| 526 | _aP24 | ||
| 526 | _a P22 | ||
| 526 | _aP10 | ||
| 526 | _aP09 | ||
| 526 | _a P08 | ||
| 526 | _aP06 | ||
| 526 | _aP05 | ||
| 526 | _aP04 | ||
| 526 | _aP01 | ||
| 541 | _g015-001975; | ||
| 541 | _g002-00000830; | ||
| 650 | 0 | 4 |
_aAlimentos. _91965 |
| 650 | 0 | 4 | _aCocina. |
| 650 | 0 | 4 |
_aNutrición. _9394 |
| 910 |
_agl _bjv _clch _d20091202 |
||
| 910 |
_btqv _cwelc _d20170720 |
||
| 910 |
_armch _brmch _crmch _d20190124 |
||
| 942 |
_2ddc _cBOOK |
||
| 949 |
_a664.0741 CH23 _wDEWEY _c1 _i34246 _lCCODEBUL1 _mBUL _r0 _sY _tBOOK _u1993-8-1 _xINGENIERIA _PP26 _0COMPRA _o.STAFF. Colección General |
||
| 949 |
_a664.0741 CH23 _wDEWEY _c2 _i34247 _d2015-12-2 _e2015-12-1 _lCCODEBUL1 _mBUL _n1 _r0 _sY _tBOOK _u1993-8-1 _xINGENIERIA _PP26 _0COMPRA _o.STAFF. Colección General |
||
| 949 |
_a664.0741 CH23 _wDEWEY _c3 _i58079 _lCCODEBUL1 _mBUL _p37.00 _r0 _sY _tBOOK _u2008-5-14 _xINGENIERIA _PP26 _0COMPRA _o.STAFF. Colección General |
||
| 949 |
_a664.0741 CH23 _wDEWEY _c4 _i60713 _d2015-11-10 _e2015-11-9 _lCCODEBUL1 _mBUL _n2 _p34.00 _r0 _sY _tBOOK _u2009-10-14 _xINGENIERIA _PP26 _0COMPRA _o.STAFF. Colección General |
||
| 949 |
_a664.0741 CH23 _wDEWEY _c5 _i71172 _d2015-11-27 _e2015-11-27 _lCCODEBUL1 _mBUL _n4 _p31.49 _r0 _sY _tBOOK _u2015-5-21 _xINGENIERIA _PP26 _0COMPRA _o.STAFF. Colección General |
||
| 949 |
_a664.02 Ch525 2009 _wDEWEY _c1 _iFJ07693 _lCCODEBUJ1 _mBUJ _p23.20 _r0 _sY _tBOOK _u2017-07-20 _xINGENIERIA _PP26 _0COMPRA _o.STAFF. Colección General Juliaca |
||
| 949 |
_a664.02 Ch525 2016 _wDEWEY _c1 _iFJ12450 _lCCODEBUJ1 _mBUJ _p34.20 _r0 _sY _tBOOK _u2019-01-24 _xINGENIERIA _PP26 _0COMPRA _o.STAFF. Colección General Juliaca |
||
| 994 |
_aC0 _bPEPRU |
||
| 596 | _a1 3 | ||
| 999 |
_a664.0741 CH23 _wDEWEY _c19642 _i34246 _f2019-12-11 _g6 _lDISCARD _mBUL _r0 _sY _tBOOK _u1993-8-1 _xINGENIERIA _PP26 _0COMPRA _o.STAFF. Colección General _d19642 |
||
| 999 |
_a664.0741 CH23 _wDEWEY _c2 _i34247 _d2018-4-19 _e2015-12-1 _f2019-12-11 _g6 _lDISCARD _mBUL _n1 _q1 _r1 _sY _tBOOK _u1993-8-1 _xINGENIERIA _PP26 _0COMPRA _o.STAFF. Colección General |
||
| 999 |
_a664.0741 CH23 _wDEWEY _c3 _i58079 _f2021-11-9 _g7 _lCCODEBUL1 _mBUL _p37.00 _r0 _sY _tBOOK _u2008-5-14 _xINGENIERIA _PP26 _0COMPRA _o.STAFF. Colección General |
||
| 999 |
_a664.0741 CH23 _wDEWEY _c4 _i60713 _d2015-11-10 _e2015-11-9 _f2021-11-9 _g7 _lCCODEBUL1 _mBUL _n2 _p34.00 _r0 _sY _tBOOK _u2009-10-14 _xINGENIERIA _PP26 _0COMPRA _o.STAFF. Colección General |
||
| 999 |
_a664.0741 CH23 _wDEWEY _c5 _i71172 _d2018-9-27 _e2018-9-27 _f2021-11-9 _g7 _lCCODEBUL1 _mBUL _n6 _p31.49 _q2 _r0 _sY _tBOOK _u2015-5-21 _xINGENIERIA _PP26 _0COMPRA _o.STAFF. Colección General |
||
| 999 |
_a664.02 CH525 2009 _wDEWEY _c1 _iFJ07693 _d2019-9-30 _e2017-8-29 _f2022-2-1 _g8 _lCCODEBUJ1 _mBUJ _n3 _p23.20 _q9 _r0 _sY _tBOOK _u2017-7-20 _xINGENIERIA _PP26 _0COMPRA _o.STAFF. Colección General Juliaca |
||
| 999 |
_a664.02 CH525 2016 _wDEWEY _c1 _iFJ12450 _f2022-2-1 _g3 _lCCODEBUJ1 _mBUJ _p34.20 _r0 _sY _tBOOK _u2019-1-24 _xINGENIERIA _PP26 _0COMPRA _1FCOMPR2 _o.STAFF. Colección General Juliaca |
||
| 980 |
_81 _gALBERTO SANCHEZ Responsable de Automatización |
||